• 首页
  • 本馆介绍
  • 公告通知
  • 最新文献
  • 馆藏检索
  • 电子资源
  • 读者导购
  • 参考咨询
  • 我的图书馆
  • 登录
  • 详细信息显示
  • 放入我的书架
  • 预约/预借图书
  • 作者相关作品
  • 分类相关作品
  • 丛书相关作品
  • 出版社相关作品

书目信息

  • 表格格式
  • 工作单格式
  • 卡片格式
题名:
邓伟志全集
    
 
作者: 邓伟志 , 邓伟志 著
分册: 三   家庭卷·妇女学卷
出版信息: 上海   上海大学出版社  2013
页数: 406页
开本: 23cm
丛书名:
单 册:
中图分类: Z427.6 , C913.11-53
科图分类:
主题词: 社会科学--文集 , 自然科学--文集 , 家庭学--文集 , 妇女学--文集 , 社会科学 , 自然科学 , 家庭学 , 妇女学
电子资源:
ISBN: 978-7-5671-0748-9
000 01098nam0 2200337 450
001 2336412743
005 20231130100718.29
010    @a978-7-5671-0748-9@b精装@dCNY78.00
100    @a20131114d2013 em y0chiy0120 ea
101 0  @achi
102    @aCN@b310000
105    @aa z 000yy
200 1  @a邓伟志全集@9deng wei zhi quan ji@h三@i家庭卷·妇女学卷@b专著@f邓伟志
210    @a上海@c上海大学出版社@d2013
215    @a406页@c彩照@d23cm
300    @a邓伟志全集 10
330    @a本书不但收录了邓伟志先生在2006年至2011年间写的有关家庭学方面的文章,还收录了1982年至2011年间写的有关方面的文章,包括:《敬老是永恒的话题》、《妇女问题杂议》、《论家庭文化》、《从性别观说开去》等。
606 0  @a社会科学@j文集
606 0  @a自然科学@j文集
606 0  @a家庭学@j文集
606 0  @a妇女学@j文集
606 0  @a社会科学
606 0  @a自然科学
606 0  @a家庭学
606 0  @a妇女学
690    @aZ427.6@v5
690    @aC913.11-53@v5
701  0 @a邓伟志@9deng wei zhi@f(1938 )@4著
701  0 @a邓伟志@Adeng wei zhi
801  2 @aCN@b58marc.cn@c20150101
905    @aBZT@dZ427.6@e5:6:3
    
    邓伟志全集.三.家庭卷·妇女学卷/邓伟志.-上海:上海大学出版社,2013
    406页:彩照;23cm
    邓伟志全集 10
    
    ISBN 978-7-5671-0748-9(精装):CNY78.00
    本书不但收录了邓伟志先生在2006年至2011年间写的有关家庭学方面的文章,还收录了1982年至2011年间写的有关方面的文章,包括:《敬老是永恒的话题》、《妇女问题杂议》、《论家庭文化》、《从性别观说开去》等。
●
相关链接 在五车中查询图书 在当当中查询图书 在豆瓣中查询图书


正题名:邓伟志全集     索取号:Z427.6/5:6:3         预约/预借

序号 登录号 条形码 馆藏地/架位号 状态 备注
1 2001168683   2001168683   中教(第二批第二书库)/山东中教(第二批)/2062/ [索取号:Z427.6/5:6:3] 在馆    
2 2001168684   2001168684   中教(第二批第二书库)/山东中教(第二批)/2062/ [索取号:Z427.6/5:6:3] 在馆    
3 2001168685   2001168685   中教(第二批第二书库)/山东中教(第二批)/2062/ [索取号:Z427.6/5:6:3] 在馆    
4 2001168686   2001168686   中教(第二批第二书库)/山东中教(第二批)/2062/ [索取号:Z427.6/5:6:3] 在馆    
5 2001168687   2001168687   中教(第二批第二书库)/山东中教(第二批)/2062/ [索取号:Z427.6/5:6:3] 在馆    
6 2001168688   2001168688   中教(第二批第二书库)/山东中教(第二批)/2062/ [索取号:Z427.6/5:6:3] 在馆    
7 2001168689   2001168689   中教(第二批第二书库)/山东中教(第二批)/2062/ [索取号:Z427.6/5:6:3] 在馆    
8 2001168690   2001168690   中教(第二批第二书库)/山东中教(第二批)/2062/ [索取号:Z427.6/5:6:3] 在馆    
9 2001168691   2001168691   中教(第二批第二书库)/山东中教(第二批)/2062/ [索取号:Z427.6/5:6:3] 在馆    
10 2001168692   2001168692   中教(第二批第二书库)/山东中教(第二批)/2062/ [索取号:Z427.6/5:6:3] 在馆    
11 2001168693   2001168693   中教(第二批第二书库)/山东中教(第二批)/2062/ [索取号:Z427.6/5:6:3] 在馆    
12 2001168694   2001168694   中教(第二批第二书库)/山东中教(第二批)/2062/ [索取号:Z427.6/5:6:3] 在馆    
13 2001168695   2001168695   中教(第二批第二书库)/山东中教(第二批)/2062/ [索取号:Z427.6/5:6:3] 在馆    
14 2001168696   2001168696   中教(第二批第二书库)/山东中教(第二批)/2062/ [索取号:Z427.6/5:6:3] 在馆    
15 2001168697   2001168697   中教(第二批第二书库)/山东中教(第二批)/2062/ [索取号:Z427.6/5:6:3] 在馆    
16 2001168698   2001168698   中教(第二批第二书库)/山东中教(第二批)/2062/ [索取号:Z427.6/5:6:3] 在馆    
17 2001168699   2001168699   中教(第二批第二书库)/山东中教(第二批)/2062/ [索取号:Z427.6/5:6:3] 在馆    
18 2001168700   2001168700   中教(第二批第二书库)/山东中教(第二批)/2062/ [索取号:Z427.6/5:6:3] 在馆    
19 2001168701   2001168701   中教(第二批第二书库)/山东中教(第二批)/2062/ [索取号:Z427.6/5:6:3] 在馆    
20 2001168702   2001168702   中教(第二批第二书库)/山东中教(第二批)/2062/ [索取号:Z427.6/5:6:3] 在馆    
21 2001168703   2001168703   中教(第二批第二书库)/山东中教(第二批)/2062/ [索取号:Z427.6/5:6:3] 在馆    
22 2001168704   2001168704   中教(第二批第二书库)/山东中教(第二批)/2062/ [索取号:Z427.6/5:6:3] 在馆    
23 2001168705   2001168705   中教(第二批第二书库)/山东中教(第二批)/2062/ [索取号:Z427.6/5:6:3] 在馆    
24 2001168706   2001168706   中教(第二批第二书库)/山东中教(第二批)/2062/ [索取号:Z427.6/5:6:3] 在馆    
25 2001168707   2001168707   中教(第二批第二书库)/山东中教(第二批)/2062/ [索取号:Z427.6/5:6:3] 在馆    
26 2001168708   2001168708   中教(第二批第二书库)/山东中教(第二批)/2062/ [索取号:Z427.6/5:6:3] 在馆    
27 2001168709   2001168709   中教(第二批第二书库)/山东中教(第二批)/2062/ [索取号:Z427.6/5:6:3] 在馆    
28 2001168710   2001168710   中教(第二批第二书库)/山东中教(第二批)/2062/ [索取号:Z427.6/5:6:3] 在馆    
29 2001168711   2001168711   中教(第二批第二书库)/山东中教(第二批)/2062/ [索取号:Z427.6/5:6:3] 在馆    
30 2001168712   2001168712   中教(第二批第二书库)/山东中教(第二批)/2062/ [索取号:Z427.6/5:6:3] 在馆    
山东省滨州职业学院图书馆 欢迎您!
大连网信软件有限公司© 版权所有